01255nam a2200289 a 4500001000800000005001700008008004100025020001500066040001800081041001100099044000700110050002400117100002800141245017200169260002900341300005600370500020300426500010700629500001000736504003200746600003800778610002300816650004900839700002000888700003000908700002700938BRL_11520190320210609.0870723s1986 mx-af#####---#000-0#spa-# a9686126015 aDLCcDLCdDLC aspaeng amx 4aND259.R5b.H47 19861 aHerner de Larrea, Irene10aDiego Rivera, paraíso perdido en Rockefeller CentercIrene Herner de Larrea ; cap. V, Gabriel Larrea ; cap. VI, Rafael Angel Herrerías ; prólogo, Carlos Sirvent. aMéxicobEDICUPESc1986 a216 p.bil. (algunas a color), 51 láminasc34 cm. aEste libro se publica gracias al convenio realizado entre la Facultad de Ciencias Políticas y Sociales de la UNAM y EDICUPES, S.A. de C.V., con motivo del centenario del natalicio de Diego Rivera. aCapítulo IV Hemerografía (p. 65-193) contiene artículos de periódicos en español e inglés. aAu145 aBibliografía: p. 215-216.14aRivera, Diegod1886-1957xFuentes24aRockefeller Center14aPintura mural mexicanaySiglo XXzNueva York1 aLarrea, Gabriel1 aHerrerías, Rafael Angel1 aSirvent, Carloseprol.